| 000 | 00929nam a2200265Ia 4500 | ||
|---|---|---|---|
| 003 | OSt | ||
| 005 | 20221005111832.0 | ||
| 006 | a|||||r|||| 00| 0 | ||
| 007 | ta | ||
| 008 | 221004b |||||||| |||| 00| 0 hin d | ||
| 024 | _a28451 | ||
| 037 | _cTextual | ||
| 040 |
_aCRL _cCRL _bhin |
||
| 041 |
_2hin _ahin |
||
| 082 | _aNT, 152 K5 | ||
| 100 | _aचेनी, शेल्डान, ले. | ||
| 245 | 0 |
_aरंगमंच _b नाटक, अभिनय और मंच ंिशल्प |
|
| 246 | _aRangamancha: nāṭaka, abhinaya aur mancha anishalpa | ||
| 260 |
_aलखनऊ _bहिन्दी समिति भारत _c1965 |
||
| 300 |
_a708पृ. _ccm. |
||
| 650 | _a भारतीय सिनेमा | ||
| 650 | _aभारतीय सिनेमा | ||
| 942 |
_hNT, 152 K5 _cTEXL _2cc |
||
| 999 |
_c1023052 _d1023052 |
||